Normal view MARC view
  • Peterson,H,Craig and Lewis. W.Cries

Entry Personal Name

Number of records used in: 1

001 - CONTROL NUMBER

  • control field: 4229

003 - CONTROL NUMBER IDENTIFIER

  • control field: OSt

005 - DATE AND TIME OF LATEST TRANSACTION

  • control field: 20180323163406.0

008 - FIXED-LENGTH DATA ELEMENTS

  • fixed length control field: 180323|| aca||aabn | a|a d

040 ## - CATALOGING SOURCE

  • Original cataloging agency: OSt
  • Transcribing agency: OSt

100 ## - HEADING--PERSONAL NAME

  • Personal name: Peterson,H,Craig and Lewis. W.Cries

670 ## - SOURCE DATA FOUND

  • Source citation: Work cat.: (OSt)3430: Peterson,H,Craig and Lewis. W.Cries, Managerial Economics